书目信息 |
| 题名: |
经济译丛
|
|
| 作者: | ;经济译丛编辑小组 编 | |
| 分册: | 第八辑 | |
| 出版信息: | 北京 商务印书馆 1978 |
|
| 页数: | 346页 | |
| 开本: | 19cm | |
| 丛书名: | ||
| 单 册: | ||
| 中图分类: | F512.5 | |
| 科图分类: | ||
| 主题词: | 交通运输经济--概况--世界 | |
| 电子资源: | ||
| ISBN: | ||
| 000 | 00643nam2 2200241 45 | |
| 001 | 0178005818 | |
| 005 | 20040317001303.9 | |
| 010 | @dCNY0.86 | |
| 091 | @a4017.188 | |
| 100 | @a19950714d1978 em y0chiy0121 ea | |
| 101 | 0 | @achi |
| 102 | @aCN@b110000 | |
| 105 | @ay z 000yy | |
| 106 | @ar | |
| 200 | 10 | @a经济译丛@Ajing ji yi cong@h第八辑@f经济译丛编辑小组编 |
| 210 | @a北京@c商务印书馆@d1978 | |
| 215 | @a346页@d19cm | |
| 300 | @a内部发行 | |
| 606 | 0 | @a交通运输经济@x概况@x世界 |
| 690 | @aF512.5 | |
| 711 | 02 | @a经济译丛编辑小组@Ajing ji yi cong bian ji xiao zu@4编 |
| 801 | 0 | @aCN@bNLC@c20040317 |
| 905 | @f1@b10344@dF512.5@e1:8 | |
| 经济译丛.第八辑/经济译丛编辑小组编.-北京:商务印书馆,1978 |
| 346页;19cm |
| 内部发行 |
| ISBN :CNY0.86 |
| ● |
| 相关链接 |
|
|
|
|
正题名:经济译丛
索取号:F512.5/1:8
 
预约/预借
| 序号 | 登录号 | 条形码 | 馆藏地/架位号 | 状态 | 备注 |
| 1 | 0010344 | 001922012 | 密集书库/ [索取号:F512.5/1:8] | 在馆 |